000 00586cam a2200205 i 4500
001 19477100
005 20250123170837.0
008 170202s2013 sl ab 000 0 cpe
020 _a9789966290069 (CL062P)
020 _a9966290060 (CL062P)
020 _a9789966277251 (CL063P)
020 _a9966277250 (CL063P)
020 _a9789966290076 (CL067P)
020 _a9966290079 (CL067P)
050 0 0 _aBS325
_b.K75 2013
245 1 0 _aKrio fo̳s oli Baybul.
300 _avi, 1104, 378 pages :
_billustrations, maps ;
_c22 cm
650 0 _aKrio language
_vTexts.
942 _2lcc
_cBK
_n0
999 _c2955
_d2955